Road to Omaha (1970's) - Statistics

General Stats
  • This quiz has been taken 2 times
  • The average score is 49 of 80
Answer Stats
Year School % Correct
1970 Arizona
100%
1976 Arizona
100%
1979 Arizona
100%
1972 Arizona St.
100%
1973 Arizona St.
100%
1975 Arizona St.
100%
1976 Arizona St.
100%
1977 Arizona St.
100%
1978 Arizona St.
100%
1976 Auburn
100%
1970 Florida St.
100%
1975 Florida St.
100%
1971 Harvard
100%
1973 Harvard
100%
1974 Harvard
100%
1972 Iowa
100%
1970 Iowa St.
100%
1978 Michigan
100%
1971 Mississippi St.
100%
1979 Mississippi St.
100%
1978 North Carolina
100%
1970 Ohio
100%
1972 Ole Miss
100%
1973 Penn St.
100%
1975 South Carolina
100%
1977 South Carolina
100%
1970 Texas
100%
1972 Texas
100%
1973 Texas
100%
1974 Texas
100%
1975 Texas
100%
1979 Texas
100%
1970 USC
100%
1971 USC
100%
1972 USC
100%
1973 USC
100%
1974 USC
100%
1978 USC
100%
1976 Washington St.
100%
1979 Arkansas
50%
1977 Baylor
50%
1978 Baylor
50%
1971 BYU
50%
1976 Clemson
50%
1977 Clemson
50%
1975 Eastern Michigan
50%
1976 Eastern Michigan
50%
1974 Miami
50%
1978 Miami
50%
1979 Miami
50%
1973 Minnesota
50%
1977 Minnesota
50%
1972 Oklahoma
50%
1973 Oklahoma
50%
1974 Oklahoma
50%
1975 Oklahoma
50%
1976 Oklahoma
50%
1979 Pepperdine
50%
1975 Cal St. Fullerton
0%
1979 Cal St. Fullerton
0%
1977 Cal St. Los Angeles
0%
1970 Dartmouth
0%
1970 Delaware
0%
1973 Georgia Southern
0%
1976 Maine
0%
1974 Northern Colorado
0%
1978 Oral Roberts
0%
1971 Seton Hall
0%
1974 Seton Hall
0%
1975 Seton Hall
0%
1971 Southern Illinois
0%
1974 Southern Illinois
0%
1977 Southern Illinois
0%
1978 St. John's
0%
1972 Temple
0%
1977 Temple
0%
1971 Texas Pan-American
0%
1971 Tulsa
0%
1972 UConn
0%
1979 UConn
0%
No matching quizzes found
Score Distribution
Percent of People with Each Score
Percentile by Number Answered
Your Score History
You have not taken this quiz